| 000 | 00517nam a2200193Ia 4500 | ||
|---|---|---|---|
| 003 | OSt | ||
| 005 | 20250605094155.0 | ||
| 008 | 210210b1982 xxu||||| |||| 00| 0 eng d | ||
| 040 | _cAL | ||
| 041 | _aTulu | ||
| 082 | _aT894.2 AMRR | ||
| 100 |
_aAMRATA SOMESHVARA _9139404 _dಅಮೃತ ಸೋಮೇಶ್ವರ |
||
| 245 |
_aRayaravute. _bರಾಯರಾವುತೆ |
||
| 260 |
_aMangaluru _bTuluva Prakashana _c1982 |
||
| 300 | _avi,48 | ||
| 690 |
_aTulu Drama _9139405 |
||
| 906 | _aSG03167 | ||
| 942 |
_2ddc _cBK |
||
| 999 |
_c114199 _d114199 |
||